00358nam a2200133Ia 4500008004100000020001800041041000800059082001600067100001700083245004200100260004700142300001900189650001600208230511s2002 xx 000 0 und d a0-201-73483-4 aeng a778.5235029 aWohl Michael aEditing Techniques with Fianl Cut Pro aCaliforniabPeachpit Press Berkeley c2002 a457PB 23X18 cm aEditing (P)